Organizational behavior : (Record no. 2416)

MARC details
000 -LEADER
fixed length control field 00826nam a22002537a 4500
003 - CONTROL NUMBER IDENTIFIER
control field BD-DhJNU
005 - DATE AND TIME OF LATEST TRANSACTION
control field 20251211023548.0
008 - FIXED-LENGTH DATA ELEMENTS--GENERAL INFORMATION
fixed length control field 251211b |||||||| |||| 00| 0 eng d
020 ## - INTERNATIONAL STANDARD BOOK NUMBER
International Standard Book Number 9789355730572
020 ## - INTERNATIONAL STANDARD BOOK NUMBER
International Standard Book Number 9355730578
040 ## - CATALOGING SOURCE
Original cataloging agency BD-DhJNU
Language of cataloging ENG
Transcribing agency BD-DhJNU
Modifying agency BD-DhJNU
082 ## - DEWEY DECIMAL CLASSIFICATION NUMBER
Edition number 23
Classification number 658.3 GRO
100 ## - MAIN ENTRY--PERSONAL NAME
Personal name Griffin, Ricky W.
245 ## - TITLE STATEMENT
Title Organizational behavior :
Remainder of title managing people and organizations /
Statement of responsibility, etc. Ricky W. Griffin, Jean M. Phillips and Stanley M. Gully
250 ## - EDITION STATEMENT
Edition statement 13th ed.
260 ## - PUBLICATION, DISTRIBUTION, ETC.
Place of publication, distribution, etc. Australia :
Name of publisher, distributor, etc. Cengage Learning,
Date of publication, distribution, etc. 2024.
300 ## - PHYSICAL DESCRIPTION
Extent xxv, 576p. :
Other physical details ill. ;
Dimensions 28 cm,
504 ## - BIBLIOGRAPHY, ETC. NOTE
Bibliography, etc. note Includes bibliographical references and index
650 ## - SUBJECT ADDED ENTRY--TOPICAL TERM
Topical term or geographic name entry element Organizational behavior
650 ## - SUBJECT ADDED ENTRY--TOPICAL TERM
Topical term or geographic name entry element Personnel management
700 ## - ADDED ENTRY--PERSONAL NAME
Personal name Phillips, Jean M.
700 ## - ADDED ENTRY--PERSONAL NAME
Personal name Gully, Stanley M.
942 ## - ADDED ENTRY ELEMENTS (KOHA)
Source of classification or shelving scheme Dewey Decimal Classification
Koha item type Books
Suppress in OPAC No
Holdings
Withdrawn status Lost status Source of classification or shelving scheme Damaged status Not for loan Collection Home library Current library Shelving location Date acquired Source of acquisition Total checkouts Full call number Barcode Date last seen Copy number Price effective from Koha item type
    Dewey Decimal Classification     Non-fiction Jagannath University Central Library Jagannath University Central Library General stacks 12/11/2025 Purchased   658.3 GRO JNUCL36538 12/11/2025 1 12/11/2025 Books